| 000 | 00676nam a2200181Ia 4500 | ||
|---|---|---|---|
| 003 | GCL | ||
| 008 | 140319s9999 xx 000 0 ara d | ||
| 040 |
_aGCL / _cGCL |
||
| 082 | 0 | 4 |
_a111.85 _bس خ |
| 100 | 1 | _aسعيد توفيق | |
| 245 | 1 | 0 |
_aالخبرة العمالية : دراسة فى فلسفة الجمال الظاهرية هيدجر - سارتر - مرلوبونى دومرين انجاردن / _cسعيد توفيق |
| 260 |
_a[S.N] : _bالمؤسسة الجامعية للدراسات والنشر والتوزيع ، _c1992 |
||
| 300 | _a532 ص | ||
| 490 | _a | ||
| 650 | 0 | 4 | _aالجمال |
| 650 | 0 | 4 | _aعلم النفس الجمالى |
| 942 |
_2ddc _cBK |
||
| 999 |
_c36332 _d36332 |
||